00639nam a22001697a 4500008004100000020001800041050002200059100002200081245007000103260003000173300002900203500005100232600001200283942003400295999001700329952012300346220223b |||||||| |||| 00| 0 eng d a9780804125079 aR 858.5 .P75 2014 aPrinceton, Review aMCAT physics and math review : for MCAT 2015 /cPrinceton, Review aUS:bRandom House,c2014. ax,1069p. :bill. ;c38cm aincludes bibliographical references and index. 2Medical 2lcccBOOKShR 858.5 .P75 2014 c31143d31143 00102lcc4070aMUCbMUCcGENd2022-02-23eDamaris Mwanzal0oR 858.5 .P75 2014p23767r2022-02-23w2022-02-23yBOOKS